<?xml version="1.0" encoding="UTF-8"?>
<marc:record xmlns:marc="http://www.loc.gov/MARC21/slim">
   <marc:leader>00000nam a2200000 a 4500</marc:leader>
   <marc:datafield ind1="1" ind2=" " tag="100">
      <marc:subfield code="a">Mayer, Gina</marc:subfield>
      <marc:subfield code="4">aut</marc:subfield>
      <marc:subfield code="e">Verfasser/-in</marc:subfield>
   </marc:datafield>
   <marc:datafield ind1="0" ind2="0" tag="245">
      <marc:subfield code="a">Die Schamanin</marc:subfield>
   </marc:datafield>
   <marc:datafield ind1=" " ind2="1" tag="264">
      <marc:subfield code="b">Ravensburger Verlag GmbH</marc:subfield>
      <marc:subfield code="c">2022</marc:subfield>
   </marc:datafield>
   <marc:datafield ind1="1" ind2=" " tag="490">
      <marc:subfield code="a">Internat der bösen Tiere</marc:subfield>
   </marc:datafield>
   <marc:datafield ind1="1" ind2=" " tag="520">
      <marc:subfield code="a">Sich todesmutig von einer hohen Felsklippe stürzen? Genau das steht neuerdings auf Noels Stundenplan. Doch dann erscheint ihm vor einer Flugstunde eine weißgraue Wölfin im Traum - die sagenumwobene Schamanin. Ihre Botschaft ist klar: Wenn er nicht sofort in ein Boot im Hafen steigt, wird er es bereuen. Noel hält die Warnung für einen Witz, bis bei einem Flug alles schrecklich schiefgeht ...</marc:subfield>
   </marc:datafield>
   <marc:datafield ind1=" " ind2=" " tag="020">
      <marc:subfield code="a">9783473408702</marc:subfield>
      <marc:subfield code="9">9783473408702</marc:subfield>
   </marc:datafield>
</marc:record>
